000 00520nam a2200181Ia 4500
005 20250326124024.0
008 250326s9999 xx 000 0 und d
037 _aTextbook
040 _aFMSL
_beng
_cFMSL
041 _aeng
_2eng
084 _aXogB M4;1
_qFMSL
100 _aArchibald G C
245 0 _aIntroducation to mathematical treatment of economics
_cArchibald G C; Lipsey R G
260 _aDelhi
_bDelhi, AITBS
_c1984
300 _a523p
942 _cTB
_hXogB M4;1
999 _c1271931
_d1271931